000 01002nam a22003017a 4500
001 9387
003 FISKH
005 20251217152700.0
008 251217b cb ||||| |||| 00| 0 eng d
020 _a9780746074824
040 _aFISKH
_beng
_cFISKH
_dFISKH
050 _a QE521 .T87
082 _a551.21
100 _aTurnbull , Stephanie
245 _aVolcanoes /
_cStephanie Turnbull : Designed by Nancy Leshinkoff : Illustrated by Andy Tudor
250 _aFirst published in 2005
260 _aLondon :
_bUsborne Publishing Ltd.,
_c2007 .
300 _a 32 pages :
_bcolor illustrations ;
_c21 cm.
490 _aUsborne beginners
505 _aW
520 _aText and pictures describe many aspect of volcanoes including eruptions, lava rivers, ash clouds, steaming springs, and more.
521 8 _a870
_bLexile
521 8 _aW
_bRaz-Plus
650 _aEarth science
_vNon-fiction
700 _aTudor , Andy
_eIllustrator
942 _2ddc
_cBK
_n0
999 _c9387
_d9387